<?xml version="1.0" encoding="UTF-8"?>
<record
    xmlns:xsi="http://www.w3.org/2001/XMLSchema-instance"
    xsi:schemaLocation="http://www.loc.gov/MARC21/slim http://www.loc.gov/standards/marcxml/schema/MARC21slim.xsd"
    xmlns="http://www.loc.gov/MARC21/slim">

  <leader>02573nam a22003735a 4500</leader>
  <controlfield tag="003">OSt</controlfield>
  <controlfield tag="005">20160406145627.0</controlfield>
  <controlfield tag="008">160406s1999    ua     fr     001 0aara d</controlfield>
  <datafield tag="015" ind1=" " ind2=" ">
    <subfield code="a">1999 / 8645</subfield>
  </datafield>
  <datafield tag="020" ind1=" " ind2=" ">
    <subfield code="a">9773200078</subfield>
  </datafield>
  <datafield tag="040" ind1=" " ind2=" ">
    <subfield code="a">EG-ScBUE</subfield>
    <subfield code="b">ara</subfield>
    <subfield code="c">EG-ScBUE</subfield>
  </datafield>
  <datafield tag="041" ind1="1" ind2=" ">
    <subfield code="a">ara</subfield>
    <subfield code="h">eng</subfield>
  </datafield>
  <datafield tag="082" ind1="0" ind2="4">
    <subfield code="a">341.23</subfield>
    <subfield code="b">&#x628; &#x637; &#x631;</subfield>
    <subfield code="2">22</subfield>
  </datafield>
  <datafield tag="100" ind1="1" ind2=" ">
    <subfield code="a">&#x628;&#x637;&#x631;&#x633; &#x63A;&#x627;&#x644;&#x64A;&#x60C; &#x628;&#x637;&#x631;&#x633;&#x60C;</subfield>
    <subfield code="d">2016-1922.</subfield>
    <subfield code="9">39796</subfield>
  </datafield>
  <datafield tag="240" ind1="1" ind2=" ">
    <subfield code="a">Unvanquished.</subfield>
    <subfield code="h">Arabic</subfield>
  </datafield>
  <datafield tag="245" ind1="1" ind2="0">
    <subfield code="a">5 &#x633;&#x646;&#x648;&#x627;&#x62A; &#x641;&#x64A; &#x628;&#x64A;&#x62A; &#x645;&#x646; &#x632;&#x62C;&#x627;&#x62C; /</subfield>
    <subfield code="c">&#x628;&#x637;&#x631;&#x633; &#x628;&#x637;&#x631;&#x633; &#x63A;&#x627;&#x644;&#x64A;.</subfield>
  </datafield>
  <datafield tag="246" ind1="3" ind2=" ">
    <subfield code="a">&#x62E;&#x645;&#x633; &#x633;&#x646;&#x648;&#x627;&#x62A; &#x641;&#x64A; &#x628;&#x64A;&#x62A; &#x645;&#x646; &#x632;&#x62C;&#x627;&#x62C;</subfield>
  </datafield>
  <datafield tag="246" ind1="3" ind2=" ">
    <subfield code="i">Title on t. p. verso :</subfield>
    <subfield code="a">Unvanquished : </subfield>
    <subfield code="b">a U.S.-U.N. saga</subfield>
  </datafield>
  <datafield tag="250" ind1=" " ind2=" ">
    <subfield code="a">&#x637;. 1.</subfield>
  </datafield>
  <datafield tag="260" ind1=" " ind2=" ">
    <subfield code="a">&#x627;&#x644;&#x642;&#x627;&#x647;&#x631;&#x629; :</subfield>
    <subfield code="b">&#x645;&#x631;&#x643;&#x632; &#x627;&#x644;&#x623;&#x647;&#x631;&#x627;&#x645; &#x644;&#x644;&#x62A;&#x631;&#x62C;&#x645;&#x629; &#x648;&#x627;&#x644;&#x646;&#x634;&#x631;&#x60C;</subfield>
    <subfield code="c">1999.</subfield>
  </datafield>
  <datafield tag="300" ind1=" " ind2=" ">
    <subfield code="a">406 &#x635;. &#x61B;</subfield>
    <subfield code="c">24 &#x633;&#x645;.</subfield>
  </datafield>
  <datafield tag="500" ind1=" " ind2=" ">
    <subfield code="a">&#x64A;&#x634;&#x62A;&#x645;&#x644; &#x639;&#x644;&#x649; &#x643;&#x634;&#x627;&#x641;.</subfield>
  </datafield>
  <datafield tag="520" ind1=" " ind2=" ">
    <subfield code="a">&#x62A;&#x62C;&#x631;&#x628;&#x629; &#x628;&#x637;&#x631;&#x633; &#x63A;&#x627;&#x644;&#x64A; &#x643;&#x623;&#x645;&#x64A;&#x646; &#x639;&#x627;&#x645; &#x644;&#x644;&#x623;&#x645;&#x645; &#x627;&#x644;&#x645;&#x62A;&#x62D;&#x62F;&#x629; &#x641;&#x631;&#x64A;&#x62F;&#x629; &#x628;&#x643;&#x644; &#x627;&#x644;&#x645;&#x642;&#x627;&#x64A;&#x64A;&#x633;&#x60C; &#x641;&#x642;&#x62F; &#x634;&#x63A;&#x644; &#x645;&#x646;&#x635;&#x628;&#x647; &#x647;&#x630;&#x627; &#x641;&#x64A; &#x641;&#x62A;&#x631;&#x629; &#x62A;&#x627;&#x631;&#x64A;&#x62E;&#x64A;&#x629; &#x63A;&#x64A;&#x631; &#x645;&#x633;&#x628;&#x648;&#x642;&#x629; &#x623;&#x639;&#x642;&#x628;&#x62A; &#x627;&#x644;&#x62D;&#x631;&#x628; &#x627;&#x644;&#x628;&#x627;&#x631;&#x62F;&#x629;&#x60C; &#x648;&#x634;&#x647;&#x62F; &#x627;&#x644;&#x639;&#x627;&#x644;&#x645; &#x62E;&#x644;&#x627;&#x644;&#x647;&#x627; &#x623;&#x62D;&#x62F;&#x627;&#x62B;&#x627; &#x64A;&#x646;&#x62F;&#x631; &#x623;&#x646; &#x64A;&#x62A;&#x643;&#x631;&#x631; &#x62A;&#x648;&#x627;&#x62A;&#x631;&#x647;&#x627; &#x648;&#x639;&#x646;&#x641;&#x647;&#x627;&#x60C; &#x641;&#x636;&#x644;&#x627; &#x639;&#x646; &#x645;&#x648;&#x642;&#x641; &#x627;&#x644;&#x648;&#x644;&#x627;&#x64A;&#x627;&#x62A; &#x627;&#x644;&#x645;&#x62A;&#x62D;&#x62F;&#x629; &#x645;&#x646;&#x647; &#x634;&#x62E;&#x635;&#x64A;&#x627;&#x60C; &#x648;&#x641;&#x64A; &#x647;&#x630;&#x627; &#x627;&#x644;&#x643;&#x62A;&#x627;&#x628; &#x64A;&#x643;&#x634;&#x641; &#x628;&#x637;&#x631;&#x633; &#x63A;&#x627;&#x644;&#x64A; &#x627;&#x644;&#x643;&#x62B;&#x64A;&#x631; &#x645;&#x646; &#x627;&#x644;&#x623;&#x633;&#x631;&#x627;&#x631; : &#x645;&#x639;&#x631;&#x643;&#x62A;&#x647; &#x627;&#x644;&#x623;&#x648;&#x644;&#x649; &#x648;&#x627;&#x644;&#x623;&#x62E;&#x64A;&#x631;&#x629; &#x641;&#x64A; &#x627;&#x644;&#x623;&#x645;&#x645; &#x627;&#x644;&#x645;&#x62A;&#x62D;&#x62F;&#x629; &#x62D;&#x648;&#x644; &#x642;&#x636;&#x627;&#x64A;&#x627; &#x639;&#x631;&#x628;&#x64A;&#x629;&#x60C; &#x631;&#x633;&#x627;&#x644;&#x62A;&#x647; &#x642;&#x628;&#x644; &#x648;&#x628;&#x639;&#x62F; &#x627;&#x646;&#x62A;&#x62E;&#x627;&#x628;&#x647; &#x623;&#x645;&#x64A;&#x646;&#x627; &#x639;&#x627;&#x645;&#x627; &#x625;&#x644;&#x649; &#x631;&#x626;&#x64A;&#x633; &#x648;&#x632;&#x631;&#x627;&#x621; &#x625;&#x633;&#x631;&#x627;&#x626;&#x64A;&#x644;&#x60C; &#x623;&#x645;&#x631;&#x64A;&#x643;&#x627; &#x644;&#x627; &#x62A;&#x624;&#x645;&#x646; &#x628;&#x627;&#x644;&#x62F;&#x64A;&#x628;&#x644;&#x648;&#x645;&#x627;&#x633;&#x64A;&#x629; &#x628;&#x644; &#x628;&#x627;&#x644;&#x642;&#x648;&#x629;&#x60C; &#x648;&#x631;&#x633;&#x627;&#x644;&#x629; &#x645;&#x646; &#x625;&#x633;&#x631;&#x627;&#x626;&#x64A;&#x644; &#x648;&#x631;&#x62F; &#x645;&#x646; &#x623;&#x645;&#x631;&#x64A;&#x643;&#x627;&#x60C; &#x62A;&#x648;&#x627;&#x637;&#x624; &#x627;&#x644;&#x642;&#x648;&#x627;&#x62A; &#x627;&#x644;&#x625;&#x64A;&#x637;&#x627;&#x644;&#x64A;&#x629; &#x641;&#x64A; &#x627;&#x644;&#x635;&#x648;&#x645;&#x627;&#x644;&#x60C; &#x633;&#x62D;&#x644; &#x62C;&#x646;&#x62F;&#x64A; &#x623;&#x645;&#x631;&#x64A;&#x643;&#x64A; &#x641;&#x64A; &#x645;&#x642;&#x62F;&#x64A;&#x634;&#x64A;&#x648; &#x648;&#x633;&#x637; &#x62A;&#x647;&#x644;&#x64A;&#x644; &#x623;&#x646;&#x635;&#x627;&#x631; &#x639;&#x64A;&#x62F;&#x64A;&#x62F; ... &#x625;&#x644;&#x62E;. </subfield>
  </datafield>
  <datafield tag="541" ind1=" " ind2=" ">
    <subfield code="a">Donation from Mr. Fareed Khamis.</subfield>
  </datafield>
  <datafield tag="546" ind1=" " ind2=" ">
    <subfield code="a">&#x627;&#x644;&#x646;&#x635; &#x628;&#x627;&#x644;&#x644;&#x63A;&#x629; &#x627;&#x644;&#x639;&#x631;&#x628;&#x64A;&#x629; &#x61B; &#x645;&#x62A;&#x631;&#x62C;&#x645; &#x645;&#x646; &#x627;&#x644;&#x644;&#x63A;&#x629; &#x627;&#x644;&#x625;&#x646;&#x62C;&#x644;&#x64A;&#x632;&#x64A;&#x629;.</subfield>
  </datafield>
  <datafield tag="600" ind1="1" ind2="7">
    <subfield code="a">&#x628;&#x637;&#x631;&#x633; &#x63A;&#x627;&#x644;&#x64A;&#x60C; &#x628;&#x637;&#x631;&#x633;&#x60C;</subfield>
    <subfield code="d">2016-1922.</subfield>
    <subfield code="2">BUEsh</subfield>
    <subfield code="9">39796</subfield>
  </datafield>
  <datafield tag="610" ind1="2" ind2="0">
    <subfield code="a">&#x627;&#x644;&#x623;&#x645;&#x645; &#x627;&#x644;&#x645;&#x62A;&#x62D;&#x62F;&#x629;.</subfield>
    <subfield code="b">&#x627;&#x644;&#x633;&#x643;&#x631;&#x62A;&#x627;&#x631;&#x64A;&#x629; &#x627;&#x644;&#x639;&#x627;&#x645;&#x629;</subfield>
    <subfield code="x">&#x62A;&#x627;&#x631;&#x64A;&#x62E;.</subfield>
    <subfield code="2">BUEsh</subfield>
  </datafield>
  <datafield tag="610" ind1="2" ind2="0">
    <subfield code="a">&#x627;&#x644;&#x623;&#x645;&#x645; &#x627;&#x644;&#x645;&#x62A;&#x62D;&#x62F;&#x629;</subfield>
    <subfield code="z">&#x627;&#x644;&#x648;&#x644;&#x627;&#x64A;&#x627;&#x62A; &#x627;&#x644;&#x645;&#x62A;&#x62D;&#x62F;&#x629; &#x627;&#x644;&#x623;&#x645;&#x631;&#x64A;&#x643;&#x64A;&#x629;</subfield>
    <subfield code="x">&#x62A;&#x627;&#x631;&#x64A;&#x62E;.</subfield>
    <subfield code="2">BUEsh</subfield>
  </datafield>
  <datafield tag="650" ind1=" " ind2="0">
    <subfield code="a">&#x62F;&#x628;&#x644;&#x648;&#x645;&#x627;&#x633;&#x64A;&#x648;&#x646;</subfield>
    <subfield code="z"> &#x645;&#x635;&#x631;</subfield>
    <subfield code="x"> &#x633;&#x64A;&#x631;&#x629; &#x630;&#x627;&#x62A;&#x64A;&#x629;.</subfield>
    <subfield code="2">BUEsh</subfield>
  </datafield>
  <datafield tag="650" ind1=" " ind2="0">
    <subfield code="a">&#x627;&#x644;&#x633;&#x64A;&#x627;&#x633;&#x629; &#x627;&#x644;&#x62F;&#x648;&#x644;&#x64A;&#x629;.</subfield>
    <subfield code="2">BUEsh</subfield>
    <subfield code="9">17594</subfield>
  </datafield>
  <datafield tag="651" ind1=" " ind2="0">
    <subfield code="a">&#x627;&#x644;&#x648;&#x644;&#x627;&#x64A;&#x627;&#x62A; &#x627;&#x644;&#x645;&#x62A;&#x62D;&#x62F;&#x629;</subfield>
    <subfield code="x">&#x639;&#x644;&#x627;&#x642;&#x627;&#x62A; &#x62E;&#x627;&#x631;&#x62C;&#x64A;&#x629;.</subfield>
    <subfield code="2">BUEsh</subfield>
  </datafield>
  <datafield tag="653" ind1=" " ind2=" ">
    <subfield code="b">BUSBOL</subfield>
    <subfield code="c">April2016</subfield>
  </datafield>
  <datafield tag="942" ind1=" " ind2=" ">
    <subfield code="2">ddc</subfield>
  </datafield>
  <datafield tag="999" ind1=" " ind2=" ">
    <subfield code="c">21600</subfield>
    <subfield code="d">21572</subfield>
  </datafield>
  <datafield tag="952" ind1=" " ind2=" ">
    <subfield code="0">0</subfield>
    <subfield code="1">0</subfield>
    <subfield code="2">ddc</subfield>
    <subfield code="4">0</subfield>
    <subfield code="7">0</subfield>
    <subfield code="8">Alahram</subfield>
    <subfield code="a">MAIN</subfield>
    <subfield code="b">MAIN</subfield>
    <subfield code="c">1ST</subfield>
    <subfield code="d">2016-04-06</subfield>
    <subfield code="e">Donation</subfield>
    <subfield code="o">341.23 &#x628; &#x637; &#x631;</subfield>
    <subfield code="p">000032302</subfield>
    <subfield code="r">2025-07-15 00:00:00</subfield>
    <subfield code="s">2024-12-07</subfield>
    <subfield code="x">Donation from Mr. Fareed Khamis.</subfield>
    <subfield code="y">BB</subfield>
  </datafield>
  <datafield tag="952" ind1=" " ind2=" ">
    <subfield code="0">0</subfield>
    <subfield code="1">0</subfield>
    <subfield code="2">ddc</subfield>
    <subfield code="4">0</subfield>
    <subfield code="7">0</subfield>
    <subfield code="8">Alahram</subfield>
    <subfield code="a">MAIN</subfield>
    <subfield code="b">MAIN</subfield>
    <subfield code="c">1ST</subfield>
    <subfield code="d">2016-05-16</subfield>
    <subfield code="e">Donation</subfield>
    <subfield code="o">341.23 &#x628; &#x637; &#x631;</subfield>
    <subfield code="p">000032503</subfield>
    <subfield code="r">2025-07-15 00:00:00</subfield>
    <subfield code="s">2024-11-07</subfield>
    <subfield code="x">Donation from Mr. Fareed Khamis.</subfield>
    <subfield code="y">BB</subfield>
  </datafield>
</record>
